American headway 1: Teacher’s book

Saved in:
Bibliographic Details
Format: Book
Published: 2001
Tags: Add Tag
No Tags, Be the first to tag this record!
Institutions: Mạng thư viện Đại học Đà Nẵng
LEADER 00449nam a22001811a 4500
001 000037235
003 13530
005 20160412020318.0
008 160412s2001 000
082 |a 4A(07)194 
245 |a American headway 1: Teacher’s book  |c Jonh and Liz Soars 
260 |c 2001 
OWN |a LNN 
999 |a From the UDN01 
TYP |a Monograph 
980 |a Mạng thư viện Đại học Đà Nẵng